[Event "11th Chennai Open-GM 2019"]
[Site "Chennai"]
[Date "2019.01.24"]
[Round "9"]
[White "Pranesh M"]
[Black "Erigaisi Arjun"]
[Result "1-0"]
[WhiteElo "2125"]
[BlackElo "2548"]
[Annotator "TA"]
[PlyCount "123"]
[EventDate "2019.01.18"]
[EventType "swiss"]
[EventCountry "IND"]
[SourceTitle "playchess.com"]
[Source "ChessBase"]
[SourceQuality "1"]

{[%evp 15,123,8,10,-22,-25,-25,-10,-18,0,0,0,0,-1,-29,-45,-47,-38,-70,-46,-52,-52,-46,-28,-32,-38,-51,-53,-67,-67,-64,-51,-63,-51,-79,-51,-64,-55,-114,66,60,74,0,0,0,9,7,11,0,0,0,0,0,243,250,423,370,439,449,450,446,443,408,435,214,275,132,133,103,110,0,276,279,213,-297,-297,-292,-297,-290,-275,-283,-240,-589,-1,-24,-10,-102,8,31,1340,1326,1474,1416,1311,1319,1452,1330,1175,1097,1163,1106,6690,6374,29984,29985,29981,29980,29981,29982,29982,29982]} 1. e4 c5 2. Nf3 d6 3. Nc3 a6 4. d4 cxd4 5. Nxd4 Nf6 6. g3 e5 7. Nde2 b5 {[%cal Bb7b5,Bb5b4][%mdl 32]} 8. Bg5 Nbd7 {LiveBook: 21 Games. B91: Sicilian Najdorf: 6 g3} 9. a4 (9. Nd5 Be7 10. Nxe7 Qxe7 11. Nc3 h6 12. Nd5 Qd8 13. Bxf6 Nxf6 14. Nxf6+ Qxf6 15. Bg2 O-O 16. O-O {½-½ (24) Dragun,K (2599)-Xiong,J (2627) Varadero 2016}) 9... b4 10. Nd5 Bb7 {Black has an edge.} 11. Bg2 (11. c4 {feels hotter.} Rc8 12. b3 h6 13. Bxf6 Nxf6 14. Bh3) 11... Bxd5 (11... Be7 {seems wilder.} 12. Nxb4 Rb8 13. Nc3 Qa5 14. Nba2 Nxe4 15. Bxe4 Bxe4 16. O-O Bb7) 12. exd5 Be7 13. O-O O-O $146 ({Predecessor:} 13... Rc8 14. a5 Qc7 15. c3 Qb8 16. Qa4 bxc3 17. Nxc3 {½-½ (48) Jain,A (2012)-Muheim,S (2035) Uxbridge 2009}) 14. c4 a5 15. b3 Ng4 16. Bc1 f5 17. h3 Ngf6 18. Qc2 Nc5 19. Be3 Nfd7 20. Rae1 g6 21. Kh2 Bf6 22. Nc1 Rc8 23. Qd1 Rf7 24. f4 e4 25. Re2 Qf8 26. g4 (26. Ra2 $15) 26... h6 $2 (26... fxg4 $17 27. hxg4 Qh6+ 28. Kg1 Qh4) 27. gxf5 $1 $14 gxf5 28. Rg1 (28. h4 $1 $16) 28... Rg7 $11 {[#]} 29. h4 $1 {[%mdl 512] Threatens to win with Bh3.} h5 (29... Bxh4 30. Bh3) 30. Bh3 Rg4 $1 31. Bxg4 hxg4 32. Kg3 Qg7 33. h5 Kf7 $2 {[#]} (33... Kh7 $11 {and Black has nothing to worry.}) 34. h6 $1 $18 {[%cal Rh6g7]} Qxh6 $2 (34... Qh7 35. Rh2 Ke7) 35. Rh2 Qg6 36. Rgh1 Bg7 37. Rh5 Rg8 38. Ne2 Ke8 39. Bd4 (39. Nd4 $142 Bxd4 40. Bxd4) 39... e3 40. Bxg7 (40. Bxe3 $6 Nf6 $16) (40. Kg2 $1 $18 {and the rest is easy.}) 40... Qxg7 $16 41. Qd4 Nf6 42. Rh6 (42. Qxe3+ Kd8 $17) (42. Rxf5 $16 {And now Kg2 would win.} Qg6 43. Rxf6 Qxf6 44. Qxe3+ (44. Qxf6 Ne4+ 45. Kg2 Nxf6 $16) 44... Kf7 45. Rh7+ Rg7 46. Rh8) 42... Qe7 $2 {[%mdl 8192]} (42... Nfe4+ $11 {and Black stays safe.} 43. Kg2 Qxd4 44. Nxd4 Nd3 45. Re6+ (45. Nxf5 $2 Nxf4+ 46. Kf1 g3 $19) 45... Kf8 46. Rxe4 fxe4) 43. Kg2 $18 Rf8 44. Rh8 $4 {[%mdl 8192]} (44. Ng3 $1 $18) 44... Rxh8 $1 $19 (44... Nxb3 45. Qd3 $17) 45. Rxh8+ Kf7 46. Kg1 Nxb3 47. Qd3 Kg7 48. Rb8 $2 (48. Rh1 {is more resistant.} Nc5 49. Qxf5) 48... Qc7 $2 (48... Qa7 $19 49. Rb5 Nc1 $1 {[%mdl 512]}) 49. Rb5 $11 Nd2 50. Qxf5 ({Of course not} 50. Nd4 Nf3+ 51. Nxf3 gxf3 $17) 50... Nf3+ (50... Nde4 $17) 51. Kh1 Qa7 $2 {[%mdl 8192] [#]} (51... Qf7 $14) 52. Qc8 $1 $18 Kg6 53. f5+ Kg5 54. Rb7 Qxb7 55. Qxb7 Kxf5 {[#]} 56. c5 $1 dxc5 57. Qc8+ {[%mdl 64] Double Attack} Ke4 58. Qe6+ {[%mdl 64] Double Attack} Kd3 59. Nf4+ {White mates.} Kc2 60. Qxf6 b3 61. d6 b2 62. Qf5+ {Accuracy: White = 47%, Black = 39%.} 1-0

[Event "11th Chennai Open-GM 2019"]
[Site "Chennai"]
[Date "2019.01.24"]
[Round "9"]
[White "Karthik Rajaa"]
[Black "Manik, Mikulas"]
[Result "1/2-1/2"]
[WhiteElo "1960"]
[BlackElo "2413"]
[Annotator "TA"]
[PlyCount "60"]
[EventDate "2019.01.18"]
[EventType "swiss"]
[EventCountry "IND"]
[SourceTitle "playchess.com"]
[Source "ChessBase"]
[SourceQuality "1"]

{[%evp 19,60,16,76,71,110,74,95,85,100,60,58,54,75,61,140,143,170,51,58,0,0,0,183,109,103,101,108,109,173,172,189,160,173,148,220,229,222,205,220,221,277,286,271]} 1. Nf3 Nf6 2. g3 g6 3. Bg2 Bg7 4. O-O O-O 5. c4 d6 6. d4 {[%cal Bd2d4,Bd4d5][%mdl 32]} c6 7. Nc3 Nbd7 8. Qc2 e5 9. Rd1 Qe7 10. d5 {E67: King's Indian: Fianchetto: 6...Nbd7} (10. e4 a5 11. h3 exd4 12. Nxd4 Re8 13. Be3 a4 14. Re1 Nc5 15. Rad1 Bd7 16. f3 Qd8 17. Nde2 Bf8 18. Bxc5 dxc5 19. f4 Qc7 20. g4 Red8 {½-½ (60) Rozum,I (2573)-Ivanchuk,V (2729) Kocaeli 2017}) 10... c5 {LiveBook: 4 Games} (10... cxd5 $11 {remains equal.} 11. cxd5 Nc5) 11. e4 $16 a6 12. a3 $146 {White is better.} ({Predecessor:} 12. Rb1 Rb8 13. Ne1 b5 14. cxb5 axb5 15. b4 cxb4 16. Rxb4 Nc5 17. Rxb5 Rxb5 18. Nxb5 Ba6 19. a4 Rc8 20. Bg5 Ncxe4 21. Qxe4 {1-0 (21) McNab,C (2455)-Eckersley Waites,A (2266) England 2013}) 12... h6 13. b4 a5 14. bxc5 Nxc5 15. Be3 Nfd7 16. Rab1 f5 ({Better is} 16... b6 $14) 17. Nh4 Qf6 18. f3 (18. exf5 $18 gxf5 19. f3) 18... Rf7 $14 19. Na4 (19. Bf2 $14) 19... Nxa4 $11 20. Qxa4 Nc5 $2 {[#]} (20... Kh7 $11 {and Black has nothing to worry.}) 21. Bxc5 ({White should try} 21. Qe8+ $18 Rf8 22. Qxg6) 21... dxc5 $16 22. Qe8+ Kh7 23. Rb6 Bd7 (23... Qxb6 $16 24. Qxf7 Qf6) 24. Rxf6 $18 (24. Qxa8 $2 Qxb6 25. f4 Rf8 $19) 24... Bxe8 25. Rxf7 Bxf7 26. Rb1 $36 {[%mdl 2048] Black is under strong pressure.} fxe4 (26... Rb8 $16 27. Rb6 (27. exf5 g5 $16) 27... f4) 27. Rxb7 exf3 28. Bxf3 ({Resist} 28. Rxf7 $6 fxg2 29. Re7 (29. Kxg2 g5 $14) (29. Nxg2 Rb8 $16) 29... e4 $16) ({Don't do} 28. Nxf3 $6 Kg8) 28... Kg8 29. Be4 g5 30. Nf5 Bf8 {[%mdl 32768] Accuracy: White = 39%, Black = 31%. . An unexpected result.} 1/2-1/2

[Event "11th Chennai Open-GM 2019"]
[Site "Chennai"]
[Date "2019.01.25"]
[Round "10"]
[White "Pantsulaia, Levan"]
[Black "Predke, Alexandr"]
[Result "1/2-1/2"]
[WhiteElo "2597"]
[BlackElo "2620"]
[Annotator "TA"]
[PlyCount "32"]
[EventDate "2019.01.18"]
[EventType "swiss"]
[EventCountry "IND"]
[SourceTitle "playchess.com"]
[Source "ChessBase"]
[SourceQuality "1"]

{[%evp 21,32,0,0,0,0,0,0,0,0,0,0,0,0]} 1. d4 d5 2. c4 c6 3. Nf3 Nf6 4. Nc3 dxc4 5. a4 Bf5 6. e3 e6 7. Bxc4 Bb4 8. O-O Nbd7 9. Qb3 a5 10. Na2 Be7 11. Qxb7 Rb8 {The position is equal.} 12. Qa6 {D18: Slav Defence: 5 a4 Bf5 6 e3} ({But not} 12. Qxc6 $2 Rb6 $19) 12... Ra8 13. Qxc6 Rc8 {[#]} 14. Qa6 $146 Ra8 $1 {[%cal Ra8a6]} 15. Qc6 Rc8 16. Qa6 Ra8 $1 1/2-1/2

[Event "11th Chennai Open-GM 2019"]
[Site "Chennai"]
[Date "2019.01.25"]
[Round "10"]
[White "Rozum, Ivan"]
[Black "Deviatkin, Andrei"]
[Result "1-0"]
[WhiteElo "2589"]
[BlackElo "2461"]
[Annotator "TA"]
[PlyCount "63"]
[EventDate "2019.01.18"]
[EventType "swiss"]
[EventCountry "IND"]
[SourceTitle "playchess.com"]
[Source "ChessBase"]
[SourceQuality "1"]

{[%evp 12,63,29,29,22,30,47,27,50,46,46,40,42,0,0,1,13,0,0,0,33,31,35,23,23,14,26,28,33,0,30,0,35,33,48,48,60,57,37,0,35,0,58,38,97,95,139,133,138,158,211,211,456,468]} 1. c4 g6 2. d4 Bg7 3. Nf3 Nf6 4. g3 b6 5. Bg2 Bb7 6. O-O O-O 7. Qc2 c5 {A50: Queen's Fianchetto Defence (1 d4 Nf6 2 c4 b6)} 8. d5 b5 9. e4 d6 {White has an edge.} (9... bxc4 10. Rd1 d6 11. Na3 Nbd7 12. Nxc4 Ng4 13. Bd2 Ba6 14. Rab1 Nge5 15. Nfxe5 Nxe5 16. Nxe5 Bxe5 {½-½ (42) Mamedyarov,S (2799)-Artemiev,V (2691) Riadh 2017}) 10. cxb5 a6 $1 11. b6 Nbd7 12. a4 {next a5 is good for White.} a5 13. Rd1 $146 ({You set blue moves yourself with the critical opening position annotation.:} 13. Na3 Nxb6 14. Rd1 Nfd7 15. Nb5 {0-1 (50) Adrian,C (2193)-Theodorou,N (2450) Paleochora 2016}) 13... Qxb6 14. Na3 Ba6 15. Bf1 Ng4 16. Bxa6 Qxa6 17. Nb5 Qc8 18. Qe2 Nge5 19. Nxe5 Nxe5 20. f4 Nd7 21. Be3 Nf6 22. Bd2 Qh3 23. Bc3 Rfd8 24. Re1 h5 25. Qg2 (25. Rad1 {NOTEXT-191} Nd7 26. Bxg7 Kxg7 27. e5 Nb6 28. b3) 25... Qxg2+ $1 26. Kxg2 Ne8 (26... Nd7 $11) 27. Rad1 Rdc8 ({Black should play} 27... Bxc3 $14 28. bxc3 (28. Nxc3 Rd7 $15) 28... Nf6) 28. e5 $16 Nc7 {[#] ...&Wb5 would now be nice for Black.} 29. Na3 $1 (29. exd6 Nxb5 30. d7 (30. axb5 exd6 31. Ra1 Rcb8 $11) (30. dxe7 Bxc3 31. bxc3 Nd6 $17) 30... Rd8 $11) 29... Rd8 {[#]} 30. Nc4 $1 dxe5 (30... Rdb8 $16 31. f5 (31. Bxa5 Ne8 $16) (31. Nxa5 Bf8 $16) (31. exd6 exd6 32. Nxd6 Bd4 $16) 31... gxf5) 31. Bxa5 $18 Rdc8 $2 (31... Rxa5 32. Nxa5 Nxd5) 32. fxe5 {NOTEXT-4805: Tournament = 64%, Annotator = 33%.} 1-0

[Event "11th Chennai Open-GM 2019"]
[Site "Chennai"]
[Date "2019.01.25"]
[Round "10"]
[White "Popov, Ivan"]
[Black "Lugovskoy, Maxim"]
[Result "1-0"]
[WhiteElo "2588"]
[BlackElo "2445"]
[Annotator "TA"]
[PlyCount "113"]
[EventDate "2019.01.18"]
[EventType "swiss"]
[EventCountry "IND"]
[SourceTitle "playchess.com"]
[Source "ChessBase"]
[SourceQuality "1"]

{[%evp 27,112,59,66,57,70,55,56,39,58,63,99,91,91,90,81,86,83,96,91,88,89,84,91,92,91,91,108,109,110,116,113,107,135,119,137,133,131,117,116,84,81,89,85,71,99,94,104,102,115,112,161,155,191,193,176,183,179,166,221,237,241,236,264,242,230,126,248,248,371,360,29984,29981,29981,29982,29982,29983,29977,2723,29978,29976,29974,29966,29996,29997,29997,29998,29999]} 1. e4 e6 2. d4 d5 3. Nd2 Nf6 4. e5 Nfd7 5. Bd3 c5 6. c3 Nc6 7. Ne2 cxd4 8. cxd4 f6 9. exf6 Qxf6 10. O-O Bd6 11. Nf3 h6 12. Be3 O-O 13. Rc1 Rd8 {C06: French Tarrasch: 3...Nf6 4 e5 Nfd7 5 Bd3 main lines} 14. Ng3 Nf8 {LiveBook: 8 Publish game on website} 15. Ne5 $146 ({You set blue moves yourself with the critical opening position annotation.:} 15. Re1 Bd7 16. a3 Rac8 17. b4 a6 18. Qb3 Be8 19. Red1 Rc7 20. Qb2 Rdc8 21. Rc2 {½-½ (29) Jerez Perez,A (2406)-Ivanov,S (2565) Schwarzach 2015}) 15... Nxe5 {White is slightly better.} 16. dxe5 Qxe5 17. Re1 Bd7 18. Qg4 Qf6 19. Nh5 $1 {[%cal Rh5f6]} Qf7 20. Bxh6 $1 e5 21. Qxg7+ Qxg7 22. Bxg7 (22. Nxg7 e4 $17) 22... Be8 23. Be2 $1 Bxh5 24. Bxf8 $1 Kxf8 25. Bxh5 Rac8 26. Rcd1 e4 27. g3 Be7 28. Re2 Rc6 29. Kg2 Bf6 30. f3 d4 31. fxe4 d3 32. Red2 Rc2 33. Kf3 Rxb2 34. Rxb2 Bxb2 $16 {[%mdl 4096] General book An&V&L-An&V&L} 35. Rb1 Bc3 36. Ke3 d2 37. Bd1 Rd7 38. Rb5 a6 39. Rd5 Rc7 40. h4 Bb4 41. g4 {[%cal Bg3g4,Bg4g5][%mdl 32]} Rc1 42. Bf3 Ke7 (42... b6 $142 43. g5 Rc5) 43. g5 $18 Re1+ 44. Kf4 Bd6+ 45. e5 {[%cal Be4e5,Be5e6][%mdl 32]} Ba3 46. Bg4 (46. Kg3 $1 $18) 46... Bc1 {[#]} (46... Rf1+ $16 {was called for.} 47. Kg3 (47. Ke3 Bc1 $14) 47... Rg1+ 48. Kh3 (48. Kf4 Rf1+ 49. Kg3 Rg1+ 50. Kh3 Rh1+ 51. Kg3 Rg1+ $16) 48... Rh1+ 49. Kg2 (49. Kg3 Rg1+ 50. Kh3 Rh1+ 51. Kg3 Rg1+ $16) 49... Rxh4) 47. Kf5 $1 Rh1 (47... b5 $142 48. Kg6 Rf1 49. Rd7+ Kf8) 48. e6 {Black must now prevent &Vd7.} Rxh4 $2 (48... Re1 $18 49. Rd7+ Kf8) 49. Rd7+ Ke8 50. g6 Bb2 51. Rxd2 Bc3 52. Rc2 (52. Rd7 $142 Rh1 53. g7 Bxg7 54. Rxg7 b6 55. Kf6 Rh8 {[#]} 56. Bh5+ $1 {[%mdl 512]} Kd8 57. e7+ Kc8 58. Bg4+ Kb8 59. Rf7) 52... Bd4 53. Rc8+ {White mates.} Ke7 54. Rc7+ Kf8 55. e7+ Ke8 56. Ke6 {[%cal Rc7c8]} Rxg4 57. Rc8# {NOTEXT-4805: Tournament = 80%, Annotator = 40%.} 1-0

[Event "11th Chennai Open-GM 2019"]
[Site "Chennai"]
[Date "2019.01.25"]
[Round "10"]
[White "Paichadze, Luka"]
[Black "Padmini, Rout"]
[Result "1-0"]
[WhiteElo "2583"]
[BlackElo "2365"]
[Annotator "TA"]
[PlyCount "57"]
[EventDate "2019.01.18"]
[EventType "swiss"]
[EventCountry "IND"]
[SourceTitle "playchess.com"]
[Source "ChessBase"]
[SourceQuality "1"]

{[%evp 27,56,-85,-95,-83,-62,-61,-57,-52,-44,-277,-53,-47,-56,-98,-96,-98,-24,-23,27,-6,12,22,22,22,63,50,52,65,745,662,29999]} 1. e4 e6 2. d3 d5 3. Nd2 Nf6 4. g3 c5 5. Bg2 Nc6 6. Ngf3 g6 7. O-O Bg7 8. Re1 O-O 9. c3 a5 10. e5 {A08: King's Indian Attack} (10. a4 b6 11. exd5 exd5 12. Nb1 Bf5 13. Na3 Qd7 14. Nb5 Rfe8 15. Rxe8+ Rxe8 16. Bf4 Ra8 17. Ne5 Nxe5 18. Bxe5 {0-1 (34) Petrosian,T (2598)-Sychev,K (2537) St Petersburg 2018}) 10... Ng4 11. d4 cxd4 12. cxd4 f6 13. h3 Nxf2 14. Kxf2 fxe5 {LiveBook: 8 Games} 15. dxe5 {Black must now prevent Kg1.} Qb6+ 16. Re3 a4 $146 {Strongly threatening ...Nxe5.} ({Predecessor:} 16... Nxe5 17. Qb3 Qa7 {1-0 (50) Moussard,J (2423)-Dutreuil,R (2132) Pau 2015}) 17. Nf1 Nxe5 $1 {aiming for ...Bd7.} 18. Kg1 $2 ({Better is} 18. Rb1 $15) 18... Nc4 $2 (18... Nxf3+ $1 $19 19. Bxf3 a3) 19. Rb1 $15 Bd7 20. Kh1 Nxe3 21. Bxe3 {[#]} Qb4 (21... Qd6 $1 $17 22. Rc1 Rac8 23. Rxc8 Rxc8) 22. a3 $11 Qe7 23. Bd4 Bc6 24. Ne5 Rf5 25. Qe2 Raf8 {With the idea ...Bxe5.} 26. Nh2 {[%cal Bf1h2,Bh2g4,Bg4h6][%mdl 32]} Bxe5 27. Bxe5 Rf2 $2 {[%mdl 8192] [#]} (27... h5 $14) 28. Ng4 $1 $18 {[%cal Rg4h6][%mdl 512]} Rxe2 29. Nh6# {Accuracy: White = 64%, Black = 26%.} 1-0

[Event "11th Chennai Open-GM 2019"]
[Site "Chennai"]
[Date "2019.01.25"]
[Round "10"]
[White "Aleksandrov, Aleksej"]
[Black "Nguyen, Van Huy"]
[Result "1-0"]
[WhiteElo "2582"]
[BlackElo "2450"]
[Annotator "TA"]
[PlyCount "97"]
[EventDate "2019.01.18"]
[EventType "swiss"]
[EventCountry "IND"]
[SourceTitle "playchess.com"]
[Source "ChessBase"]
[SourceQuality "1"]

{[%evp 26,97,9,-20,60,48,133,127,118,103,135,118,123,61,105,100,105,68,96,124,117,120,221,206,193,175,352,355,401,294,270,136,129,129,129,131,145,127,137,116,129,108,137,140,194,202,205,194,212,186,189,23,182,52,1081,817,1087,1080,1024,987,958,966,2003,1956,1852,1843,1690,1622,29971,6195,2927,2237,29989,29990]} 1. c4 e6 2. Nc3 d5 3. d4 Bb4 4. e3 Nf6 5. a3 Bxc3+ 6. bxc3 O-O 7. cxd5 exd5 8. Bd3 b6 9. Ne2 c5 10. O-O Ba6 11. f3 Bxd3 12. Qxd3 Re8 13. Ng3 Nc6 14. Ra2 {[%cal Ba1a2,Ba2b2,Bb2e2][%mdl 32] LiveBook: 68 Games} c4 {E49: Nimzo-Indian: Rubinstein: 5 Bd3 d5 6 a3 Bxc3+ 7 bxc3} (14... Qd7 $11) (14... Qd7 15. Re2 h5 16. Bb2 Rad8 17. Nf5 g6 18. Ng3 Re6 19. Rfe1 cxd4 20. cxd4 Ne7 21. e4 h4 22. Nf1 {0-1 (50) Hakobyan,A (2545)-Inarkiev,E (2693) St Petersburg 2018}) 15. Qb1 $14 Rb8 $146 (15... h5 $14) ({Predecessor:} 15... h5 16. Re2 Ne7 17. e4 h4 18. Nh1 Nh5 19. e5 Qd7 20. g4 hxg3 21. hxg3 {1-0 (33) Henrichs,T (2400)-Siebrecht,S (2438) Duisburg 2005}) 16. e4 $16 b5 {White is better.} 17. Bf4 Rb6 18. Rb2 a6 19. Re1 (19. Bg5 $1 $16) 19... Na5 20. Rbe2 Rbe6 21. Qc2 Nb3 22. Bg5 h6 23. Bxf6 $1 Rxf6 (23... Qxf6 $16 24. exd5 Rxe2 25. Rxe2 Rxe2 26. Qxe2 Kf8) 24. exd5 $18 {[%mdl 64] Discovered Attack} Rxe2 25. Rxe2 ({Less strong is} 25. Qxe2 Qxd5 26. Qe8+ Kh7 $14) 25... g6 $2 {[#]} (25... Rd6 26. Nf5 Rd7) 26. Re5 $1 Kg7 27. Ne4 Rb6 {intending ...f6.} 28. Nc5 ({White must play} 28. d6 $18) 28... Qd6 29. Nxb3 cxb3 30. Qxb3 $16 {[%mdl 4096] Endgame KQR-KQR} a5 31. Kf2 Rb8 32. h4 h5 33. f4 Rc8 34. g3 Rc4 (34... Qd7 $16) 35. a4 $18 Rxa4 36. Qxb5 Ra2+ 37. Re2 Ra1 38. c4 $2 (38. Qe8 $18 Qxd5 39. Qe5+ Qxe5 40. fxe5 (40. Rxe5 Rc1 $11)) 38... a4 $11 {[#]} 39. Qe8 $1 {[%cal Re8e5] Threatens to win with Qe5+.} a3 $2 {[%mdl 8192]} (39... Qb6 $14) 40. Qe5+ $18 Qxe5 41. fxe5 {KR-KR} Rb1 42. Ke3 Rb3+ 43. Ke4 f5+ 44. exf6+ Kxf6 45. c5 Rb2 46. Re3 Ra2 47. Rf3+ (47. d6 $142 Rf2 48. Rxa3 Rf1 49. Kd5 Rf5+ 50. Kc6 Kg7 51. d7 Rf8 52. Kc7) 47... Ke7 48. d6+ Ke8 49. Kd5 {Accuracy: White = 57%, Black = 38%.} 1-0

[Event "11th Chennai Open-GM 2019"]
[Site "Chennai"]
[Date "2019.01.25"]
[Round "10"]
[White "Deepan Chakkravarthy J."]
[Black "Samant Aditya S"]
[Result "1-0"]
[WhiteElo "2543"]
[BlackElo "2205"]
[Annotator "TA"]
[PlyCount "64"]
[EventDate "2019.01.18"]
[EventType "swiss"]
[EventCountry "IND"]
[SourceTitle "playchess.com"]
[Source "ChessBase"]
[SourceQuality "1"]

{[%evp 16,64,-15,-26,-19,-24,-24,-17,-12,-21,0,-32,-29,-50,-19,-25,-18,-32,-14,-37,0,0,3,-13,0,-14,-6,-10,0,0,6,0,0,-12,70,68,93,84,106,100,95,72,92,0,106,105,133,117,117,118,210]} 1. e4 c5 2. Nf3 d6 3. Bc4 Nf6 4. Nc3 Nc6 5. h3 e6 6. O-O Be7 7. d3 O-O 8. a3 a6 {B50: Sicilian: 2...d6, Miscellaneous} 9. Ba2 {LiveBook: 3 Games} b5 10. Re1 Bb7 {Black has an edge.} 11. Ne2 {[%cal Bc3e2,Be2g3,Bg3f1,Bf1e3][%mdl 32]} Ne5 $146 ({Predecessor:} 11... c4 12. Bf4 Rc8 13. Ng3 cxd3 14. cxd3 {1-0 (34) Kamsky,G (2638)-Ruiz Sanchez,O (2440) Greensboro 2016}) 12. Ng3 Ng6 13. h4 Ne5 14. h5 Nxf3+ 15. Qxf3 h6 16. Qe2 Bc8 17. Nf1 e5 18. Ne3 Be6 19. b4 Bxa2 20. Rxa2 Re8 21. bxc5 dxc5 22. a4 Bf8 23. Bb2 c4 24. dxc4 bxa4 (24... bxc4 $11 25. Nxc4 Qc7) 25. Nd5 $14 Nd7 26. Rxa4 Nc5 27. Ra2 Rc8 28. Rea1 Qh4 29. Re1 (29. Ra3 $16) 29... Bd6 (29... Qd8 $1 $11) 30. Ba3 $16 Re6 31. Bb4 Rb8 32. c3 Rb7 {Precision: White = 43%, Black = 35%.} (32... Bf8 $16 33. Qf3 Rc6) 1-0

[Event "11th Chennai Open-GM 2019"]
[Site "Chennai"]
[Date "2019.01.25"]
[Round "10"]
[White "Stupak, Kirill"]
[Black "Ziatdinov, Raset"]
[Result "1-0"]
[WhiteElo "2542"]
[BlackElo "2248"]
[Annotator "TA"]
[PlyCount "121"]
[EventDate "2019.01.18"]
[EventType "swiss"]
[EventCountry "IND"]
[SourceTitle "playchess.com"]
[Source "ChessBase"]
[SourceQuality "1"]

{[%evp 16,121,28,29,25,19,22,14,33,42,47,35,38,29,40,37,59,54,63,59,61,56,56,51,84,67,113,97,99,116,113,112,115,117,111,112,116,85,135,113,144,153,132,137,162,148,259,253,247,245,278,270,262,209,189,201,215,215,190,173,184,185,171,184,212,115,127,132,168,112,110,54,72,51,71,66,95,109,276,283,362,376,368,355,396,394,510,521,522,484,615,609,620,620,695,654,834,933,1158,1026,979,984,1780,1706,1442,1462,1341,1236]} 1. d4 Nf6 2. c4 e6 3. Nf3 Bb4+ 4. Bd2 Qe7 5. g3 Ne4 6. Bg2 O-O 7. O-O Nxd2 8. Nbxd2 Bxd2 9. Qxd2 d6 {E11: Bogo-Indian} 10. e4 (10. Rac1 Nc6 11. d5 Nb8 12. dxe6 Bxe6 13. Nd4 Bc8 14. Rfd1 Nd7 15. Nf5 Qf6 16. Ne3 Re8 17. b4 {½-½ (72) Grandelius,N (2653)-Johansson,L (2468) Sweden 2018}) 10... e5 11. h3 exd4 $146 {The position is equal.} ({Predecessor:} 11... Nd7 12. Rfe1 a5 13. Rad1 Re8 14. b3 Nf8 15. Kh2 Bd7 16. Qc3 Bc6 17. a3 {½-½ (46) Gutkovich,P (2057)-Drozdova,D (2186) Sochi 2018}) 12. Nxd4 Nc6 13. Nb5 Be6 14. b3 Qd7 15. Kh2 a6 16. Nc3 Rab8 17. f4 {Threatens to win with f5.} f6 18. Rac1 Rfd8 19. Rfd1 Ne7 20. Qf2 b6 {[#]} 21. e5 $1 fxe5 22. fxe5 Rf8 23. Qe1 Rbe8 24. exd6 cxd6 25. Qd2 Nc8 26. Nd5 Bf5 27. Re1 Rxe1 28. Rxe1 Bg6 29. Qd4 Bf7 30. h4 ({But not} 30. Nxb6 Qa7 $16) 30... b5 {[#]} (30... Kh8 $16 {keeps fighting.} 31. Rf1 (31. Nxb6 Qa7 $16) 31... Qd8) 31. cxb5 $1 $18 axb5 32. Rc1 Bxd5 33. Qxd5+ ({Weaker is} 33. Bxd5+ Kh8 $16) 33... Kh8 34. Bh3 Ne7 {Strongly threatening ...Qxh3+!} 35. Bxd7 Nxd5 36. Bxb5 {[%mdl 4096] Endgame KRB-KRN} g5 37. Rc2 gxh4 38. gxh4 Rf4 39. Kg3 Rb4 40. Rc8+ (40. Bc4 $18 Nf6 41. a3) 40... Kg7 $16 41. Bc4 Ne7 42. Rd8 (42. Ra8 $18) 42... d5 43. Bd3 (43. Be2 $16) 43... Rd4 44. Be2 Nf5+ 45. Kf2 Rf4+ 46. Ke1 d4 $2 (46... Rxh4 $16 47. Rxd5 Kf6) 47. h5 $18 Rh4 48. a4 {[%cal Ba2a4,Ba4a5,Ba5a6][%mdl 32]} Rh1+ 49. Kd2 Rh2 50. Kd3 Rh3+ 51. Kc4 {White is clearly winning.} Rc3+ 52. Kb4 Kf6 53. a5 Rc7 54. a6 Ke7 55. Rd5 Ne3 56. Ra5 Nc2+ 57. Ka4 Ra7 58. Kb5 Kd6 59. Kb6 Ra8 60. a7 Nb4 61. Bf3 {Accuracy: White = 80%, Black = 33%.} 1-0